[Event "Valles Occidental-ch U12 qual"]
[Site "Sabadell"]
[Date "2012.02.11"]
[Round "4.3"]
[White "Codina Broto, Sergi"]
[Black "Alonso Vinas, Marc"]
[Result "1-0"]
[WhiteElo "1743"]
[BlackElo "1700"]
[PlyCount "43"]
[EventDate "2012.01.21"]
[EventType "swiss"]
[EventRounds "6"]
[EventCountry "ESP"]
[SourceTitle "EXT 2024"]
[Source "ChessBase"]
[SourceDate "2023.10.10"]
[SourceVersion "1"]
[SourceVersionDate "2023.10.10"]
[SourceQuality "1"]

1. e4 e5 2. Nf3 Nc6 3. d4 f6 4. dxe5 fxe5 5. Bc4 Nf6 6. Nc3 d6 7. 0-0 Be7 8. Ng5 d5 9. Nxd5 h6 10. Nf3 Nxe4 11. Be3 Bf5 12. Nh4 Bxh4 13. Qh5+ Kf8 14. Qxf5+ Ke8 15. Qxe4 Rf8 16. Rad1 Qd6 17. Qxh4 Rh8 18. Qe4 a6 19. Qf5 b5 20. Bb3 Ne7 21. Nxc7+ Qxc7 22. Qf7# 1-0